Statistics for Former Names of SCOTLAND Railway Stations

Click here to take the quiz!

General Stats

  • This quiz has been taken 29 times
  • The average score is 7 of 38

Answer Stats

Former NameYearCURRENT NAME% Correct
L_______ (for St. Andrews)????Leuchars
82%
D_____ Tay Bridge1965 ?Dundee
73%
A_________ & Bonhill1962Alexandria
55%
C________ & Stamperland1973Clarkston
41%
Kirkintilloch Junction1890Lenzie
41%
U_________ Central1962 ?Uddingston
41%
A_______ Joint1952Aberdeen
36%
Currie1987Curriehill
27%
Crieff Junction1912Gleneagles
27%
G__________ & Kibirnie1905Glengarnock
27%
L_______ & Newlands1962Langside
27%
Kilbowie Road (Old)????Singer
27%
S________ Harbour????Stranraer
27%
W__________ for Rouken Glen????Whitecraigs
27%
W_____ Central1965Wishaw
27%
Great Western Road1931Anniesland
18%
Stobcross1986Exhibition Centre
18%
Carfin1901Holytown
18%
Bonar Bridge1977Ardgay
14%
B________ & Gartsherrie1960sBlairhilll
9%
Midcalder1982Kirknewton
9%
Cochran Mill1853Milliken Park
9%
Eaglesham Road1944Thorntonhall
9%
Ferniegair2005Chatelherault
5%
Lambhill1998Gillshochill
5%
Slateford 1853Kingsknowe
5%
Lochwinnoch1985Lochside
5%
Houston1856Uphall
5%
Drumpark1993Bargeddie
0%
Moss Road1879Cardonald
0%
Stirling Road1848Carluke
0%
Omoa1941Cleland
0%
Clarkston2011Drumgelloch
0%
G_______ Cathcart +????Greenock Central
0%
College1914High Street (Glasgow)
0%
Crofthead1859Kennishead
0%
P_________ for Darnley Rifle Range????Patterton
0%
Inverlair1895Tulloch
0%

Score Distribution

Percentile by Number Answered

Percent of People with Each Score

Your Score History

You have not taken this quiz